000 00529nam a2200181Ia 4500
005 20250508160913.0
008 008 250505s9999 xx 000 0 eng d
037 _aTextual
040 _aFEDL
_beng
_cFEDL
041 _aeng
_2eng
084 _aB, VID
_qFEDL
100 _aMitra Subal chandra
_9769704
245 0 _aIswar Chandra Vidyasagar: A story of his life and work
260 _aNew Delhi, India
_bAshish Publishing House
_c1975
300 _axiv,671p
942 _cTEXL
_hB, VID
999 _c1367300
_d1367300